• 首页
  • 本馆介绍
  • 公告通知
  • 最新文献
  • 馆藏检索
  • 电子资源
  • 读者导购
  • 参考咨询
  • 我的图书馆
  • 登录
  • 详细信息显示
  • 放入我的书架
  • 预约/预借图书
  • 作者相关作品
  • 分类相关作品
  • 丛书相关作品
  • 出版社相关作品

书目信息

  • 表格格式
  • 工作单格式
  • 卡片格式
题名:
新概念英语
    
 
作者: Alexander , 亚力山大 著 ;水世戴注 译
分册: 第二册   练习与进步
出版信息: 北京   外语教学与研究出版社  1987
页数: 258页
开本: 20cm
丛书名:
单 册:
中图分类: H31
科图分类:
主题词: 英语--教材
电子资源:
ISBN: 7-5600-0130-0
000 00877nam0 2200265 45
001 0187011796
005 20061104165459.95
010    @a7-5600-0130-0@dCNY2.50
100    @a19951122d1987 em y0chiy0121 ea
101 2  @achi@ceng
102    @aCN@b110000
105    @ay z 000yy
200 10 @a新概念英语@Axin gai nian ying yu@dNew concept English@zeng@h第二册@i练习与进步@f(英)亚力山大(Alexander,L.G.)著@g水世戴注译@Gshui shi dai zhu yi
210    @a北京@c外语教学与研究出版社@d1987
215    @a258页@d20cm
300    @a附:词语注释、课文注释、参考译文
510 1  @aNew concept English@zeng
517    @a练习与进步@Alian xi yu jin bu
606    @a英语@x教材
690    @aH31@v3
701 A1 @aAlexander@bL.G.@4著
701  1 @a亚力山大@Aya li shan da@bL.G.@4著
702  0 @a水世戴注@Ashui shi dai zhu@4译
801  0 @aCN@b深圳图书馆@c20061104
905    @dH31@e264:2
    
    新概念英语=New concept English.第二册.练习与进步/(英)亚力山大(Alexander,L.G.)著/水世戴注译.-北京:外语教学与研究出版社,1987
    258页;20cm
    附:词语注释、课文注释、参考译文
    
    ISBN 7-5600-0130-0:CNY2.50
    
●
相关链接 在E读中查询图书 在五车中查询图书 在当当中查询图书 在豆瓣中查询图书


正题名:新概念英语     索取号:H31/264:2         预约/预借

序号 登录号 条形码 馆藏地/架位号 状态 备注
1 0213106   202438781   第二样本阅览室/ [索取号:H31/264:2] 在馆    
唐山师范学院图书馆 欢迎您!
大连网信软件有限公司© 版权所有